[Event "ODJM A 2025"]
[Site "Willingen GER"]
[Date "2025.06.11"]
[Round "5"]
[White "Kraus, Linus"]
[Black "Müller, Mark"]
[Result "1/2-1/2"]
[Termination "normal"]
[Board "13"]
[WhiteElo "1886"]
[BlackElo "2029"]
[WhiteClock "00:44:14"]
[BlackClock "00:20:44"]
[PlyCount "53"]
[WhiteFideId "34629629"]
[BlackFideId "12997218"]
[EventCountry "GER"]
[EventRounds "9"]
[EventType "swiss"]
[EventDate "2025.06.07"]

1. Nf3 {[%clk 01:30:57]} {[%emt 00:00:02]} d5 {[%clk 01:30:54]} {[%emt
00:00:05]} 2. g3 {[%clk 01:31:22]} {[%emt 00:00:06]} Nf6 {[%clk 01:31:15]}
{[%emt 00:00:08]} 3. Bg2 {[%clk 01:31:48]} {[%emt 00:00:05]} e6 {[%clk
01:31:37]} {[%emt 00:00:10]} 4. d4 {[%clk 01:32:10]} {[%emt 00:00:06]} Be7
{[%clk 01:31:59]} {[%emt 00:00:07]} 5. c4 {[%clk 01:32:32]} {[%emt 00:00:08]}
O-O {[%clk 01:32:17]} {[%emt 00:00:13]} 6. Qc2 {[%clk 01:32:58]} {[%emt
00:00:05]} dxc4 {[%clk 01:29:49]} {[%emt 00:02:58]} 7. Qxc4 {[%clk 01:33:14]}
{[%emt 00:00:14]} a6 {[%clk 01:17:05]} {[%emt 00:13:14]} 8. Bg5 {[%emt
00:01:29]} b5 {[%clk 01:15:41]} {[%emt 00:01:54]} 9. Qc2 {[%clk 01:32:40]}
{[%emt 00:00:04]} Bb7 {[%clk 01:15:53]} {[%emt 00:00:16]} 10. Bxf6 {[%clk
01:32:50]} {[%emt 00:00:22]} Bxf6 {[%clk 01:14:57]} {[%emt 00:01:27]} 11. O-O
{[%clk 01:32:57]} {[%emt 00:00:23]} g6 {[%clk 01:08:25]} {[%emt 00:07:01]} 12.
e3 {[%clk 01:31:52]} {[%emt 00:01:35]} Nd7 {[%clk 01:05:11]} {[%emt 00:03:42]}
13. Nbd2 {[%clk 01:31:05]} {[%emt 00:01:18]} Rc8 {[%clk 00:54:29]} {[%emt
00:11:12]} 14. Nb3 {[%emt 00:09:28]} Be7 {[%clk 00:37:32]} {[%emt 00:12:16]}
15. Rfd1 {[%clk 01:24:03]} {[%emt 00:03:45]} c5 {[%clk 00:31:23]} {[%emt
00:06:40]} 16. dxc5 {[%clk 01:24:05]} {[%emt 00:00:27]} Qc7 {[%clk 00:31:31]}
{[%emt 00:00:19]} 17. c6 {[%clk 01:03:17]} {[%emt 00:21:22]} Qxc6 {[%clk
00:30:33]} {[%emt 00:01:28]} 18. Qxc6 {[%clk 01:03:18]} {[%emt 00:00:28]} Bxc6
{[%clk 00:30:58]} {[%emt 00:00:05]} 19. Rac1 {[%clk 01:02:17]} {[%emt
00:01:31]} Nb6 {[%clk 00:29:32]} {[%emt 00:01:55]} 20. Na5 {[%clk 00:52:57]}
{[%emt 00:09:51]} Bd5 {[%clk 00:28:21]} {[%emt 00:01:40]} 21. Nd4 {[%clk
00:52:56]} {[%emt 00:00:33]} Bxg2 {[%clk 00:26:28]} {[%emt 00:02:23]} 22. Kxg2
{[%clk 00:53:18]} {[%emt 00:00:08]} Nc4 {[%clk 00:25:17]} {[%emt 00:01:39]} 23.
Ndc6 {[%clk 00:43:22]} {[%emt 00:10:27]} Bf6 {[%clk 00:23:59]} {[%emt
00:01:48]} 24. b3 {[%clk 00:43:10]} {[%emt 00:00:42]} Nxa5 {[%clk 00:22:58]}
{[%emt 00:01:31]} 25. Nxa5 {[%clk 00:43:31]} {[%emt 00:00:09]} Bc3 {[%clk
00:21:24]} {[%emt 00:02:02]} 26. Nc4 {[%clk 00:43:52]} {[%emt 00:00:12]} bxc4
{[%clk 00:20:44]} {[%emt 00:01:10]} 27. Rxc3 {[%clk 00:44:14]} {[%emt
00:00:08]} 1/2-1/2

[Event "ODJM A 2025"]
[Site "Willingen GER"]
[Date "2025.06.11"]
[Round "5"]
[White "Mehner, Lorenz"]
[Black "Krause, Enrico"]
[Result "0-1"]
[Termination "normal"]
[Board "15"]
[WhiteElo "2001"]
[BlackElo "1792"]
[WhiteClock "00:29:41"]
[BlackClock "00:56:21"]
[PlyCount "84"]
[WhiteFideId "16293096"]
[BlackFideId "34618490"]
[EventCountry "GER"]
[EventRounds "9"]
[EventType "swiss"]
[EventDate "2025.06.07"]

1. d4 {[%clk 01:30:53]} {[%emt 00:00:08]} d5 {[%clk 01:30:57]} {[%emt
00:00:02]} 2. c4 {[%clk 01:31:14]} {[%emt 00:00:09]} c6 {[%clk 01:31:24]}
{[%emt 00:00:03]} 3. Nc3 {[%clk 01:31:35]} {[%emt 00:00:11]} Nf6 {[%clk
01:31:50]} {[%emt 00:00:03]} 4. e3 {[%clk 01:31:55]} {[%emt 00:00:10]} Bf5
{[%clk 01:32:10]} {[%emt 00:00:11]} 5. Qb3 {[%clk 01:29:12]} {[%emt 00:03:13]}
Qb6 {[%clk 01:31:57]} {[%emt 00:00:43]} 6. Qxb6 {[%clk 01:28:30]} {[%emt
00:01:12]} axb6 {[%clk 01:32:20]} {[%emt 00:00:07]} 7. cxd5 {[%clk 01:28:47]}
{[%emt 00:00:13]} Nxd5 {[%clk 01:32:39]} {[%emt 00:00:11]} 8. Nxd5 {[%clk
01:28:25]} {[%emt 00:00:51]} cxd5 {[%clk 01:33:03]} {[%emt 00:00:07]} 9. Nf3
{[%clk 01:28:15]} {[%emt 00:00:40]} Nc6 {[%clk 01:32:03]} {[%emt 00:01:30]} 10.
Bb5 {[%clk 01:27:08]} {[%emt 00:01:37]} f6 {[%clk 01:29:16]} {[%emt 00:03:17]}
11. O-O {[%clk 01:20:23]} {[%emt 00:07:15]} h6 {[%clk 01:16:30]} {[%emt
00:13:17]} 12. Bd2 {[%clk 01:14:55]} {[%emt 00:05:58]} e6 {[%clk 01:16:54]}
{[%emt 00:00:07]} 13. Rfc1 {[%clk 00:56:11]} {[%emt 00:19:21]} Kd7 {[%clk
01:16:55]} {[%emt 00:00:22]} 14. Ne1 {[%clk 00:41:16]} {[%emt 00:15:24]} Bd6
{[%clk 01:09:04]} {[%emt 00:08:21]} 15. f3 {[%clk 00:35:26]} {[%emt 00:06:19]}
Rhc8 {[%clk 01:02:32]} {[%emt 00:07:03]} 16. Bd3 {[%clk 00:29:33]} {[%emt
00:06:23]} Bxd3 {[%clk 00:56:18]} {[%emt 00:06:43]} 17. Nxd3 {[%clk 00:29:57]}
{[%emt 00:00:06]} e5 {[%clk 00:42:41]} {[%emt 00:14:07]} 18. dxe5 {[%clk
00:29:23]} {[%emt 00:01:04]} fxe5 {[%clk 00:40:36]} {[%emt 00:02:35]} 19. Be1
{[%clk 00:27:58]} {[%emt 00:01:55]} Ke6 {[%clk 00:35:41]} {[%emt 00:05:25]} 20.
Bg3 {[%clk 00:24:51]} {[%emt 00:03:37]} Nb4 {[%clk 00:34:00]} {[%emt 00:02:12]}
21. Nxb4 {[%clk 00:20:33]} {[%emt 00:04:47]} Bxb4 {[%clk 00:34:23]} {[%emt
00:00:08]} 22. Rxc8 {[%clk 00:05:02]} {[%emt 00:16:00]} Rxc8 {[%clk 00:34:48]}
{[%emt 00:00:06]} 23. Be1 {[%clk 00:05:14]} {[%emt 00:00:17]} Bxe1 {[%clk
00:32:33]} {[%emt 00:02:45]} 24. Rxe1 {[%clk 00:05:42]} {[%emt 00:00:02]} Rc2
{[%clk 00:32:55]} {[%emt 00:00:08]} 25. Rb1 {[%clk 00:05:24]} {[%emt 00:00:49]}
d4 {[%clk 00:32:50]} {[%emt 00:00:35]} 26. exd4 {[%clk 00:04:38]} {[%emt
00:01:16]} exd4 {[%clk 00:33:10]} {[%emt 00:00:10]} 27. Kf1 {[%clk 00:02:32]}
{[%emt 00:02:35]} Kd5 {[%clk 00:32:57]} {[%emt 00:00:43]} 28. h4 {[%clk
00:01:57]} {[%emt 00:01:05]} Kc4 {[%clk 00:29:19]} {[%emt 00:04:07]} 29. h5
{[%clk 00:01:17]} {[%emt 00:01:10]} Kd3 {[%clk 00:29:07]} {[%emt 00:00:42]} 30.
Rd1+ {[%clk 00:01:09]} {[%emt 00:00:38]} Rd2 {[%clk 00:28:50]} {[%emt
00:00:46]} 31. Rc1 {[%clk 00:01:17]} {[%emt 00:00:22]} Rxb2 {[%clk 00:27:05]}
{[%emt 00:02:17]} 32. Rc7 {[%clk 00:01:23]} {[%emt 00:00:23]} Ke3 {[%clk
00:26:46]} {[%emt 00:00:50]} 33. Re7+ {[%clk 00:01:48]} {[%emt 00:00:04]} Kd2
{[%clk 00:26:58]} {[%emt 00:00:18]} 34. Rxg7 {[%clk 00:01:24]} {[%emt
00:00:54]} d3 {[%clk 00:26:35]} {[%emt 00:00:53]} 35. Rd7 {[%clk 00:01:41]}
{[%emt 00:00:12]} Kc2 {[%clk 00:26:21]} {[%emt 00:00:43]} 36. f4 {[%clk
00:01:34]} {[%emt 00:00:39]} d2 {[%clk 00:26:09]} {[%emt 00:00:41]} 37. Rc7+
{[%clk 00:01:50]} {[%emt 00:00:15]} Kd1 {[%clk 00:26:16]} {[%emt 00:00:23]} 38.
f5 {[%clk 00:00:54]} {[%emt 00:01:25]} Rc2 {[%clk 00:25:54]} {[%emt 00:00:52]}
39. Rd7 {[%clk 00:00:49]} {[%emt 00:00:36]} Kc1 {[%clk 00:25:16]} {[%emt
00:01:07]} 40. f6 {[%clk 00:00:46]} {[%emt 00:00:33]} d1=Q {[%clk 00:25:39]}
{[%emt 00:00:07]} 41. Rxd1+ {[%clk 00:01:12]} {[%emt 00:00:05]} Kxd1 {[%clk
00:26:01]} {[%emt 00:00:07]} 42. g4 {[%clk 00:29:41]} {[%emt 00:02:01]} Rc6
{[%clk 00:56:21]} {[%emt 00:00:11]} 0-1

[Event "ODJM A 2025"]
[Site "Willingen GER"]
[Date "2025.06.11"]
[Round "5"]
[White "Paeslack, Luis"]
[Black "Alheit, Maximilian"]
[Result "1-0"]
[Termination "normal"]
[Board "16"]
[WhiteElo "2091"]
[BlackElo "1884"]
[WhiteClock "00:09:32"]
[BlackClock "00:13:46"]
[PlyCount "37"]
[WhiteFideId "12987760"]
[BlackFideId "34607676"]
[EventCountry "GER"]
[EventRounds "9"]
[EventType "swiss"]
[EventDate "2025.06.07"]

1. d4 {[%clk 01:30:57]} {[%emt 00:00:03]} Nf6 {[%clk 01:30:56]} {[%emt
00:00:03]} 2. Nf3 {[%clk 01:31:14]} {[%emt 00:00:13]} e6 {[%clk 01:31:16]}
{[%emt 00:00:11]} 3. e3 {[%clk 01:29:39]} {[%emt 00:02:04]} d5 {[%clk
01:29:31]} {[%emt 00:02:16]} 4. Bd3 {[%clk 01:27:14]} {[%emt 00:02:55]} c5
{[%clk 01:29:40]} {[%emt 00:00:22]} 5. b3 {[%clk 01:26:48]} {[%emt 00:00:54]}
cxd4 {[%clk 01:27:26]} {[%emt 00:02:45]} 6. exd4 {[%clk 01:26:10]} {[%emt
00:01:07]} Bd6 {[%clk 01:27:06]} {[%emt 00:00:50]} 7. O-O {[%clk 01:25:10]}
{[%emt 00:01:30]} O-O {[%clk 01:27:30]} {[%emt 00:00:06]} 8. Bb2 {[%clk
01:24:45]} {[%emt 00:00:55]} b6 {[%clk 01:27:12]} {[%emt 00:00:49]} 9. Nbd2
{[%clk 01:14:18]} {[%emt 00:10:56]} Nc6 {[%clk 01:20:57]} {[%emt 00:06:46]} 10.
a3 {[%clk 01:08:42]} {[%emt 00:06:07]} Bb7 {[%clk 01:19:03]} {[%emt 00:02:23]}
11. Ne5 {[%clk 01:04:27]} {[%emt 00:04:45]} Rc8 {[%clk 01:14:08]} {[%emt
00:05:26]} 12. f4 {[%clk 00:57:10]} {[%emt 00:07:45]} Qc7 {[%clk 01:05:54]}
{[%emt 00:08:45]} 13. Qf3 {[%clk 00:49:10]} {[%emt 00:08:29]} Rce8 {[%clk
00:51:13]} {[%emt 00:15:11]} 14. g4 {[%clk 00:40:05]} {[%emt 00:09:34]} g6
{[%clk 00:40:47]} {[%emt 00:10:57]} 15. Rae1 {[%clk 00:25:53]} {[%emt
00:14:42]} Nd7 {[%clk 00:36:57]} {[%emt 00:04:21]} 16. Qh3 {[%clk 00:17:21]}
{[%emt 00:09:02]} Kg7 {[%clk 00:24:22]} {[%emt 00:13:05]} 17. g5 {[%clk
00:10:47]} {[%emt 00:07:03]} Ncxe5 {[%clk 00:13:47]} {[%emt 00:11:05]} 18. fxe5
{[%clk 00:10:21]} {[%emt 00:00:57]} Be7 {[%clk 00:13:46]} {[%emt 00:00:31]} 19.
Qh6+ {[%clk 00:09:32]} {[%emt 00:01:19]} 1-0

[Event "ODJM A 2025"]
[Site "Willingen GER"]
[Date "2025.06.11"]
[Round "5"]
[White "Longo, Massimo"]
[Black "Pimenov, Danil"]
[Result "1/2-1/2"]
[Termination "normal"]
[Board "17"]
[WhiteElo "2081"]
[BlackElo "1945"]
[WhiteClock "00:01:39"]
[BlackClock "00:00:48"]
[PlyCount "68"]
[WhiteFideId "16205227"]
[BlackFideId "34600248"]
[EventCountry "GER"]
[EventRounds "9"]
[EventType "swiss"]
[EventDate "2025.06.07"]

1. d4 {[%clk 01:30:58]} {[%emt 00:00:02]} Nf6 {[%clk 01:30:52]} {[%emt
00:00:10]} 2. Bf4 {[%clk 01:31:23]} {[%emt 00:00:04]} g6 {[%clk 01:31:04]}
{[%emt 00:00:17]} 3. Nc3 {[%clk 01:31:46]} {[%emt 00:00:07]} c5 {[%clk
01:30:07]} {[%emt 00:01:27]} 4. e3 {[%clk 01:29:11]} {[%emt 00:03:05]} cxd4
{[%clk 01:27:18]} {[%emt 00:03:19]} 5. exd4 {[%clk 01:29:33]} {[%emt 00:00:08]}
Bg7 {[%clk 01:26:53]} {[%emt 00:00:55]} 6. Nf3 {[%clk 01:28:00]} {[%emt
00:02:03]} O-O {[%clk 01:26:24]} {[%emt 00:00:59]} 7. Qd2 {[%clk 01:26:40]}
{[%emt 00:01:50]} a6 {[%clk 01:23:46]} {[%emt 00:03:08]} 8. a4 {[%clk
01:22:23]} {[%emt 00:04:47]} Qa5 {[%clk 01:21:39]} {[%emt 00:02:36]} 9. Bd3
{[%clk 01:18:22]} {[%emt 00:04:32]} b5 {[%clk 01:18:51]} {[%emt 00:03:18]} 10.
O-O {[%clk 01:16:14]} {[%emt 00:02:38]} b4 {[%clk 01:18:51]} {[%emt 00:00:31]}
11. Ne4 {[%clk 01:16:06]} {[%emt 00:00:37]} Bb7 {[%clk 01:15:26]} {[%emt
00:03:55]} 12. Rfe1 {[%clk 01:07:49]} {[%emt 00:08:46]} d6 {[%emt 00:20:43]}
13. Bh6 {[%emt 00:09:05]} Bxe4 {[%clk 00:54:25]} {[%emt 00:03:35]} 14. Bxg7
{[%clk 00:57:48]} Kxg7 15. Bxe4 Ra7 {[%clk 00:54:39]} {[%emt 00:00:16]} 16. Bd3
{[%clk 00:50:20]} {[%emt 00:07:57]} Nc6 {[%clk 00:52:08]} {[%emt 00:03:02]} 17.
Qf4 {[%clk 00:41:07]} {[%emt 00:09:43]} Re8 {[%clk 00:48:52]} {[%emt 00:03:46]}
18. Bc4 {[%clk 00:37:33]} {[%emt 00:04:03]} e5 {[%clk 00:46:33]} {[%emt
00:02:49]} 19. dxe5 {[%clk 00:35:09]} {[%emt 00:02:55]} dxe5 {[%clk 00:46:50]}
{[%emt 00:00:14]} 20. Qe3 {[%clk 00:34:02]} {[%emt 00:01:36]} h6 {[%clk
00:45:18]} {[%emt 00:02:03]} 21. b3 {[%clk 00:33:50]} {[%emt 00:00:42]} Rae7
{[%clk 00:43:15]} {[%emt 00:02:30]} 22. Rad1 {[%clk 00:28:55]} {[%emt
00:05:26]} Qc7 {[%clk 00:28:38]} {[%emt 00:15:09]} 23. Bxa6 {[%clk 00:21:42]}
{[%emt 00:07:42]} Ng4 {[%clk 00:26:33]} {[%emt 00:02:35]} 24. Qe4 {[%clk
00:22:01]} {[%emt 00:00:11]} f5 {[%clk 00:25:50]} {[%emt 00:01:12]} 25. Qc4
{[%clk 00:22:26]} {[%emt 00:00:06]} e4 {[%clk 00:25:31]} {[%emt 00:00:50]} 26.
h3 {[%clk 00:22:49]} {[%emt 00:00:06]} Nxf2 {[%clk 00:23:21]} {[%emt 00:02:40]}
27. Nd4 {[%clk 00:14:08]} {[%emt 00:09:12]} Qg3 {[%clk 00:14:26]} {[%emt
00:09:24]} 28. Ne2 {[%clk 00:14:19]} {[%emt 00:00:19]} Nxh3+ {[%clk 00:14:22]}
{[%emt 00:00:34]} 29. Kh1 {[%clk 00:14:45]} {[%emt 00:00:04]} Nf2+ {[%clk
00:14:15]} {[%emt 00:00:38]} 30. Kg1 {[%clk 00:15:10]} {[%emt 00:00:04]} Qh4
{[%clk 00:10:48]} {[%emt 00:03:57]} 31. Qxc6 {[%clk 00:15:26]} {[%emt
00:00:16]} g5 {[%clk 00:02:28]} {[%emt 00:08:49]} 32. Nd4 {[%clk 00:04:36]}
{[%emt 00:11:19]} Qf4 {[%clk 00:00:54]} {[%emt 00:02:04]} 33. Qd6 {[%clk
00:03:12]} {[%emt 00:01:54]} Re5 {[%clk 00:00:48]} {[%emt 00:00:36]} 34. Nc6
{[%clk 00:01:39]} {[%emt 00:02:04]} Nh3+ {[%emt 00:01:25]} 1/2-1/2

[Event "ODJM A 2025"]
[Site "Willingen GER"]
[Date "2025.06.11"]
[Round "5"]
[White "Hoffmann, Kay"]
[Black "Tiedemann, Fin Niklas"]
[Result "1-0"]
[Termination "normal"]
[Board "18"]
[WhiteElo "2123"]
[BlackElo "1938"]
[WhiteClock "00:17:29"]
[BlackClock "00:05:40"]
[PlyCount "57"]
[WhiteFideId "16227000"]
[BlackFideId "12936936"]
[EventCountry "GER"]
[EventRounds "9"]
[EventType "swiss"]
[EventDate "2025.06.07"]

1. d4 {[%clk 01:30:58]} Nf6 {[%clk 01:30:54]} {[%emt 00:00:06]} 2. Bf4 {[%clk
01:30:57]} {[%emt 00:00:31]} e6 {[%clk 01:30:04]} {[%emt 00:01:21]} 3. e3
{[%clk 01:31:20]} {[%emt 00:00:07]} b6 {[%clk 01:29:27]} {[%emt 00:01:07]} 4.
Qf3 {[%clk 01:31:44]} {[%emt 00:00:06]} d5 {[%clk 01:29:27]} {[%emt 00:00:29]}
5. Nc3 {[%clk 01:32:07]} {[%emt 00:00:07]} Bb4 {[%clk 01:29:16]} {[%emt
00:00:42]} 6. Nge2 {[%clk 01:25:00]} {[%emt 00:07:36]} Ba6 {[%clk 01:19:50]}
{[%emt 00:09:57]} 7. a3 {[%clk 01:20:54]} {[%emt 00:04:36]} Be7 {[%clk
01:03:17]} {[%emt 00:17:03]} 8. g4 {[%clk 01:17:49]} {[%emt 00:03:34]} Qc8
{[%clk 00:47:20]} {[%emt 00:16:27]} 9. g5 {[%clk 01:02:44]} {[%emt 00:15:35]}
Ne4 {[%clk 00:47:05]} {[%emt 00:00:46]} 10. Nxe4 {[%clk 01:02:38]} {[%emt
00:00:35]} dxe4 {[%clk 00:47:30]} {[%emt 00:00:06]} 11. Qg3 {[%clk 01:03:04]}
{[%emt 00:00:03]} c5 {[%clk 00:47:19]} {[%emt 00:00:41]} 12. Nc3 {[%clk
01:02:30]} {[%emt 00:01:03]} cxd4 {[%clk 00:38:32]} {[%emt 00:09:19]} 13. exd4
{[%clk 01:01:13]} {[%emt 00:01:47]} Bxf1 {[%clk 00:34:19]} {[%emt 00:04:42]}
14. Rxf1 {[%clk 01:00:35]} {[%emt 00:01:07]} O-O {[%clk 00:34:04]} {[%emt
00:00:47]} 15. O-O-O {[%clk 00:56:13]} {[%emt 00:04:51]} Qc4 {[%clk 00:30:26]}
{[%emt 00:04:08]} 16. Nxe4 {[%clk 00:37:44]} {[%emt 00:18:59]} Rc8 {[%clk
00:30:21]} {[%emt 00:00:35]} 17. Qd3 {[%clk 00:38:04]} {[%emt 00:00:10]} Nd7
{[%clk 00:25:04]} {[%emt 00:05:48]} 18. Bd6 {[%clk 00:33:59]} {[%emt 00:04:31]}
Kf8 {[%clk 00:15:07]} {[%emt 00:10:30]} 19. Rfe1 {[%clk 00:24:30]} {[%emt
00:09:58]} Qd5 {[%clk 00:14:28]} {[%emt 00:01:10]} 20. Bxe7+ {[%clk 00:23:01]}
{[%emt 00:02:00]} Kxe7 {[%clk 00:14:53]} {[%emt 00:00:04]} 21. h4 {[%clk
00:21:36]} {[%emt 00:01:55]} Nf8 {[%clk 00:13:05]} {[%emt 00:02:18]} 22. Nc3
{[%clk 00:20:57]} {[%emt 00:01:09]} Qd6 {[%clk 00:13:31]} {[%emt 00:00:04]} 23.
d5 {[%clk 00:20:29]} {[%emt 00:00:58]} Rc5 {[%clk 00:08:54]} {[%emt 00:05:07]}
24. Kb1 {[%clk 00:19:06]} {[%emt 00:01:53]} Qf4 {[%clk 00:07:52]} {[%emt
00:01:32]} 25. dxe6 {[%clk 00:18:47]} {[%emt 00:00:49]} Nxe6 {[%clk 00:07:25]}
{[%emt 00:00:58]} 26. Nd5+ {[%clk 00:18:29]} {[%emt 00:00:47]} Rxd5 {[%clk
00:07:49]} {[%emt 00:00:06]} 27. Qxd5 {[%clk 00:18:55]} {[%emt 00:00:04]} Rb8
{[%clk 00:07:22]} {[%emt 00:00:57]} 28. Re5 {[%clk 00:17:29]} {[%emt 00:01:56]}
Re8 {[%clk 00:05:40]} {[%emt 00:02:12]} 29. Qd6# {[%emt 00:00:07]} 1-0